000 00457nam a2200157 4500
008 231222b |||||||| |||| 00| 0 eng d
020 _a9789555335300
082 _a616.9362
_bFER
100 _aFernando, Punsiri
245 _a100 years of Malaria control efforts in Sri Lanka 1911-2011
260 _a[n.s.]:
_b[M&S associates],
_c2011
300 _a123 p.
_bBibliography included
650 _aMALARIOLOGY
700 _aWarusavithana, Supriya
942 _cRP
999 _c4545
_d4545